Carta con fecha 6 de Febrero de 1931, para el muy querido amigo don Juan Manuel

Síntesis: Carta que envió José Luis Orozco, a Miguel Palomar y Vizcarra para decirle que le envía unos documentos que le pidió respecto a los arreglos entre la Iglesia y el Estado el 21 de Junio de 1929.

Gorde:
Xehetasun bibliografikoak
Egile nagusia: Orozco, José Luis (autor)
Formatua: Liburua
Gaiak:
Etiketak: Etiketa erantsi
Etiketarik gabe, Izan zaitez lehena erregistro honi etiketa jartzen!

MARC

LEADER 00000nam^a2200000^a^4500
001 000250703
005 20250526000000.0
009 20260310105822.137
035 |a R01704 
037 |a Acervo Xavier Clavigero 
082 |a 21. 2  |b ORO V. LIBRO 11 DOC 27/111 
100 |a Orozco, José Luis  |e (autor) 
245 1 0 |a Carta con fecha 6 de Febrero de 1931, para el muy querido amigo don Juan Manuel 
264 |a México, D.F. :  |b Destinatario: Palomar y Vizcarra, Miguel, vicepresidente de la LNDLR,  |c 1931 
300 |a 1 foja, mcs/cop, 21.5x28 
336 |a texto  |b txt  |2 rdacontenido 
337 |a sin mediación  |b n  |2 rdamedio 
338 |a volumen  |b nc  |2 rdasoporte 
520 |a Síntesis: Carta que envió José Luis Orozco, a Miguel Palomar y Vizcarra para decirle que le envía unos documentos que le pidió respecto a los arreglos entre la Iglesia y el Estado el 21 de Junio de 1929. 
598 |a Carta 
598 |a En la biblioteca del ILFC, Guadalajara, Jal. 
598 |a Fechas que cita el documento: 1942/Mayo/27 
649 |a XX 
650 |a * Palomar y Vizcarra, Miguel -  |x Correspondencia, memorias, etc 
650 |a Iglesia y Estado -  |z México 
650 |a * Palomar y Vizcarra, Miguel 
910 |a Fondo Jesús Gómez Fregoso S.J. FXC 
920 |a Impresos - Documentos 
930 |a Libros Antiguos y Raros 
940 |a Guerra Cristera 
905 |a 110 
901 |a R01704  |b IT2  |c LRA  |i R01704  |u 20250526 
902 |a https://opac.biblio.iteso.mx/vufind/Record/000250703